| 000 | 01293cab a2200373 4500 | ||
|---|---|---|---|
| 001 | ABS50544 | ||
| 008 | 090401t1994 xxu||||| |||| 00| 0 eng d | ||
| 035 | _a(Sirsi) u76405 | ||
| 041 | _aeng | ||
| 245 | _aAlternative land use | ||
| 260 | _c1994 | ||
| 300 | _aLoan | ||
| 350 | _a0 | ||
| 490 |
_aFarm Development Review _v8(6) April 1994 |
||
| 520 | _aApril issue includes information on venison marketing, ADAS reorganisation, Yorkshire food and drink, motorcycle hill climbs, safety for riding, trout, Energis payments and wind power proposals. May issue includes, the Wales Tourism Initiative, the farm dinosaur park at Great Wenlock, goat products, coarse fishing, the marketing development scheme and problems faced by British wine producers. | ||
| 650 | _aCOARSE FISHING | ||
| 650 | _aENERGIS | ||
| 650 | _aFARM DIVERSIFICATION | ||
| 650 | _aGOAT FARMING | ||
| 650 | _aGREAT WENLOCK DINOSAUR PARK | ||
| 650 | _aHOLIDAY ACCOMMODATION | ||
| 650 | _aMARKETING DEVELOPMENT SCHEME | ||
| 650 | _aRIDING | ||
| 650 | _aTHEME PARKS | ||
| 650 | _aTOURISM | ||
| 650 | _aTROUT FARMING | ||
| 650 | _aVENISON | ||
| 650 | _aWALES TOURISM INITIATIVE | ||
| 650 | _aWAYLEAVES | ||
| 650 | _aWIND FARMS | ||
| 690 | _aRURAL PRACTICE | ||
| 942 | _n0 | ||
| 948 | _c04/03/1997 | ||
| 999 |
_c48063 _d48063 |
||